<?xml version="1.0" encoding="UTF-8"?>
<record
    xmlns:xsi="http://www.w3.org/2001/XMLSchema-instance"
    xsi:schemaLocation="http://www.loc.gov/MARC21/slim http://www.loc.gov/standards/marcxml/schema/MARC21slim.xsd"
    xmlns="http://www.loc.gov/MARC21/slim">

  <leader>008160000a22001090004500</leader>
  <datafield tag="100" ind1="1" ind2=" ">
    <subfield code="a">Pixley, Jorge</subfield>
  </datafield>
  <datafield tag="245" ind1="1" ind2="0">
    <subfield code="a">De la alianza rota (Sina&#xED;) a la alianza nueva y eterna (Jerem&#xED;as 21-24 y 26-29)</subfield>
  </datafield>
  <datafield tag="300" ind1=" " ind2=" ">
    <subfield code="a">Num. 35-36 (2000), P&#xE1;ginas 97-102</subfield>
  </datafield>
  <datafield tag="520" ind1=" " ind2=" ">
    <subfield code="a">Como parte del estudio de Jerem&#xED;as, esta secci&#xF3;n analiza los caps. 11-20 y 30-33, mostrando sus correspondencias estructurales y literarias (como manera de comprender la composici&#xF3;n del libro) y sobre todo el juego continuo de pasar de or&#xE1;culos de castigo a promesas de salvaci&#xF3;n. Los anuncios salv&#xED;ficos se concentran en los temas de la vuelta de la di&#xE1;spora y de la instituci&#xF3;n de una &#x201C;nueva alianza&#x201D;. El art&#xED;culo busca mostrar c&#xF3;mo se textualiza este querigma.</subfield>
  </datafield>
  <datafield tag="773" ind1="0" ind2=" ">
    <subfield code="t">Revista de Interpretaci&#xF3;n B&#xED;blica Latinoamericana</subfield>
  </datafield>
  <datafield tag="942" ind1=" " ind2=" ">
    <subfield code="c">ANA</subfield>
  </datafield>
  <datafield tag="952" ind1=" " ind2=" ">
    <subfield code="0">0</subfield>
    <subfield code="1">0</subfield>
    <subfield code="4">0</subfield>
    <subfield code="7">0</subfield>
    <subfield code="8">HEM</subfield>
    <subfield code="a">FUSBC</subfield>
    <subfield code="b">FUSBC</subfield>
    <subfield code="d">2016-01-26</subfield>
    <subfield code="l">0</subfield>
    <subfield code="o"> </subfield>
    <subfield code="r">2016-01-26 00:00:00</subfield>
    <subfield code="w">2016-01-26</subfield>
    <subfield code="y">ANA</subfield>
  </datafield>
  <datafield tag="999" ind1=" " ind2=" ">
    <subfield code="c">52527</subfield>
    <subfield code="d">52527</subfield>
  </datafield>
</record>
